1053 1164 1082 1454 1454 1198 1093 1953 1538 1943 1810 1553 1845 1158 1863 1849 1455 1615 1287 1803 1120 1658 1658 1554 1504 1908 1206 1717 1312 1404 1643 1090 1265 1635 1775 1293 1439 1109 1562 1294 1160 1380 1662 1418 1973 1148 1073 1713 1945 1892 1786 1615 1136 1322 1387 1765 1818 1914 1242 1454 1153 1831 1842 1566 1892 1506 1643 1903 1845 1477 1841 1779 1387 1139 1024 1845 1197 1406 1219 1826 1430 1788 1453 1851 1915 1529 1571 1415 2000 1588 1148 1202 1108 1384 1580 1438 1542 1082 1915 BCNSPRNW ULIB Ver.6.0+V

เปลี่ยนเป็นภาษาไทย

Change to English
 แสดงรายละเอียดบรรณานุกรม
  กลับหน้าหลัก

Brief Record : Get Marc (ISO 2709) : E-mail record : QR code < ปิดหน้าต่าง
LEADER : 00000nam 2200000uu 4500
001    13399126798
003     ULIB
008    190306s2561||||th 000 0 tha d
020    ^a9786168145074
050    ^aนว^bณ321ก
100    ^aณัฐณรา
245    ^aกำแพงสายรุ้ง ซีรีส์ชุดสี่ดรุณี/^cณัฐณรา
250    ^aพิมพ์ครั้งที่ 2
260    ^aกรุงเทพฯ :^bบางรักษ์,^c2561
300    ^a576 หน้า;^b26 ซม.
650    ^aนวนิยาย
945    ^p420^l0^i27293
999    ^aกัณชพร จุลอักษร
รายการนี้ยังไม่มีแท็ก
คุณยังไม่ได้ล็อกอิน คุณสามารถมีกิจกรรมร่วมกับเว็บไซต์ได้ แต่ต้องล็อกอินก่อน ::
  ล็อกอิน

รายการสื่อสารสนเทศ

ลำดับที่ ประเภท เลขเรียก/บาร์โค้ด สถานที่ สถานะ
1. วิทยาศาสตร์การแพทย์ และสุขภาพ
วิทยาศาสตร์การแพทย์ และสุขภาพ
นว ณ321ก ฉ.1 
  Barcode: 27293
ห้องสมุดวิทยาเขตสวรรค์ประชารักษ์
►นวนิยาย
บนชั้น
  ขอยืม

รายการใกล้เคียง
    ผู้แต่ง [ณัฐณรา]

    หัวเรื่อง [นวนิยาย]

BibComment


ยังไม่เคยถูกคอมเมนท์

คอมเมนท์ทรัพยากรรายการนี้
  คอมเมนท์: กำแพงสายรุ้ง ซีร..


 Copyright 2026. Bcnsprnw @Library